| Поле | Инд. | ПП | Название | Значение |
|---|---|---|---|---|
| Тип записи | a | |||
| Библиографический уровень | m | |||
| 001 | Контрольный номер | RU\CCPL\12901 | ||
| 005 | Дата корректировки | 20140227121618.5 | ||
| 020 | a | ISBN | XЕЛ-64-533 | |
| c | Цена, тираж | р10000.00 | ||
| 040 | a | Служба первич. каталог. | 19017901 | |
| a | Служба первич. каталог. | НБ ТвГУ | ||
| 041 | a | Код языка текста | rus | |
| 080 | a | Индекс УДК | 514.75 | |
| 084 | a | Индекс другой классификации/Индекс ББК | В151.61 | |
| 090 | a | Полочн. индекс | 513.73 | |
| x | Авторский знак | Х 36 | ||
| 100 | 1_ | a | Автор | Хелгасон Сигурдур |
| q | Полное имя | Хелгасон С. | ||
| 245 | a | Заглавие | Дифференциальная геометрия и симметрические пространства | |
| c | Ответственность | пер. с англ. А. Л. Онищика | ||
| 260 | a | Место издания | Москва | |
| b | Издательство | Мир | ||
| c | Дата издания | 1964 | ||
| 300 | a | Объем | 533 с. | |
| b | Иллюстрации/ тип воспроизводства | ил. | ||
| 500 | a | Примечание | Перевод изд.: Differential geometry and symmetric spaces / S. Helgason (New York ; London, 1962) | |
| 504 | a | Библиография | Библиогр.: с. 495-515 | |
| 504 | a | Библиография | Предм. и имен. указ.: с. 523-527 | |
| 653 | a | Ключевые слова | Дифференциальная геометрия | |
| a | Ключевые слова | Пространства (мат.) | ||
| a | Ключевые слова | Симметрические пространства | ||
| 700 | 1_ | a | Другие авторы | Онищик А. Л. |
| e | Роль лиц | пер. | ||
| 920 | a | Оператор | Шалы | |
| 954 | a | Дата поступления на обработку | 20100417 |